000 00414nam a2200157 i 4500
001 94772
003 ES-MaACL
005 20230906181543.0
007 t|
008 050516s1969 sp ||||1| spa d
100 1 _aLubich, Chiara.
_974499
245 1 0 _aFermentos de unidad /
_cChiara Lubich.
260 _aBarcelona :
_bCiudad Nueva,
_c1969.
300 _a88 p. ;
_c18 cm.
852 _aES-MaACL
_jC-50837
_bR.71715
999 _c94772
_d94772